<?xml version="1.0" encoding="UTF-8"?><?xml-stylesheet type="text/xsl" href="static/style.xsl"?><OAI-PMH xmlns="http://www.openarchives.org/OAI/2.0/" xmlns:xsi="http://www.w3.org/2001/XMLSchema-instance" xsi:schemaLocation="http://www.openarchives.org/OAI/2.0/ http://www.openarchives.org/OAI/2.0/OAI-PMH.xsd"><responseDate>2026-04-13T04:11:22Z</responseDate><request verb="GetRecord" identifier="oai:www.recercat.cat:2072/431360" metadataPrefix="marc">https://recercat.cat/oai/request</request><GetRecord><record><header><identifier>oai:recercat.cat:2072/431360</identifier><datestamp>2025-04-27T03:34:47Z</datestamp><setSpec>com_2072_98</setSpec><setSpec>col_2072_378192</setSpec></header><metadata><record xmlns="http://www.loc.gov/MARC21/slim" xmlns:dcterms="http://purl.org/dc/terms/" xmlns:xsi="http://www.w3.org/2001/XMLSchema-instance" xmlns:doc="http://www.lyncode.com/xoai" xsi:schemaLocation="http://www.loc.gov/MARC21/slim http://www.loc.gov/standards/marcxml/schema/MARC21slim.xsd">
   <leader>00925njm 22002777a 4500</leader>
   <datafield ind2=" " ind1=" " tag="042">
      <subfield code="a">dc</subfield>
   </datafield>
   <datafield ind2=" " ind1=" " tag="720">
      <subfield code="a">Jordán, Josep Antoni</subfield>
      <subfield code="e">author</subfield>
   </datafield>
   <datafield ind2=" " ind1=" " tag="260">
      <subfield code="c">2015</subfield>
   </datafield>
   <datafield ind2=" " ind1=" " tag="520">
      <subfield code="a">Tomando conciencia de que la formación del profesorado -en concreto de Secundaria- necesita tener muy en cuenta -además de las dimensiones «teóricas» y «técnicas» de la enseñanza-educación- aquélla de orden «ético-pedagógica» en sentido profundo, el artículo se propone sacar a la luz gran parte de lo que el reconocido pedagogo Van Manen ha ido descubriendo, a lo largo de sus numerosas reflexiones e investigaciones, sobre la teoría y práctica de la «responsabilidad ética-pedagógica»: una disposición que está en el corazón de todo verdadero profesor-educador, debidamente formado globalmente. El interés de este trabajo reside, así, en la comprensión profunda de esa actitud esencial de toda auténtica relación educativa entre un educador y un menor. En este sentido, se destaca que, según Van Manen, lo más distintivo de todo auténtico educador es la vivencia comprometida en la práctica de su responsabilidad ética-pedagógica. Para este cometido, el artículo, más que teorizar en exceso, ayuda al lector a captar de forma evocativa la esencial actitud inherente a la responsabilidad pedagógica; para ello se la ilustra con un «ejemplo real y comentado » entresacado de una investigación fenomenológica-hermenéutica realizada por el autor del artículo. El fin de esta segunda parte es hacer lo más visible posible cómo los educadores muy responsables pedagógicamente logran poner en práctica esa disposición esencial estudiada, invitando al lector-educador a que también él emule dicha responsabilidad pedagógica en su propia práctica educadora.</subfield>
   </datafield>
   <datafield ind2=" " ind1=" " tag="520">
      <subfield code="a">The first point consists of being aware that the education of the teachers -concretely those of secondary education- needs to assure -besides the theoretical and technical dimensions of the task of teaching- the «ethical-pedagogical» dimensions in a deep sense. From there, this study has an aim: to shed light on a good part of what Van Manen has been discovering through his numerous reflections and researchs on the theory and practice of the «ethical-pedagogical responsibility»; a disposition that is in the heart of every real teacher-educator, after to have received a global education. In this line, the interest of this study consists in the deep understanding that Van Manen has obtained on this essential attitude, a disposition present in all authentic relation between an educator and a child. In this sense, in this study one stands out that, according to Van Manen, in the practice, the most essential of all good educator is his/her intense experience of «ethical-pedagogical responsibility». A contribution -also new- of this article consists of illustrating all the previous one with an «real example commented» selected of a phenomenological-hermeneutical research conducted by the author of this study, in order to make as visible as possible how the teachers who have a very great pedagogical responsibility are able to put in practice -with naturalness- that essential disposition, subject of this study, so that the reader-educator feels highly the attraction to emulate in his/her own educational practice this pedagogical responsibility.</subfield>
   </datafield>
   <datafield tag="653" ind2=" " ind1=" ">
      <subfield code="a">Experiencia vivida</subfield>
   </datafield>
   <datafield tag="653" ind2=" " ind1=" ">
      <subfield code="a">Max van Manen</subfield>
   </datafield>
   <datafield tag="653" ind2=" " ind1=" ">
      <subfield code="a">Responsabilidad pedagógica</subfield>
   </datafield>
   <datafield tag="653" ind2=" " ind1=" ">
      <subfield code="a">Investigación fenomenológico-hermenéutica</subfield>
   </datafield>
   <datafield tag="653" ind2=" " ind1=" ">
      <subfield code="a">Pedagogical responsibility</subfield>
   </datafield>
   <datafield tag="653" ind2=" " ind1=" ">
      <subfield code="a">Lived experience</subfield>
   </datafield>
   <datafield tag="653" ind2=" " ind1=" ">
      <subfield code="a">Hermeneutical-phenomenological research</subfield>
   </datafield>
   <datafield ind2="0" ind1="0" tag="245">
      <subfield code="a">La responsabilidad ética-pedagógica de los profesores-educadores : una mirada nueva desde Max van Manen</subfield>
   </datafield>
</record></metadata></record></GetRecord></OAI-PMH>